000 00352nam a22001217a 4500
003 SGT
082 _a920
_bD21K
100 _a कुणाल, सायण
245 _aदमन तक्षको का :जीवनी कुणाल की
260 _bवाचस्पति प्रकाशन
_c2021
300 _a495
942 _2ddc
_cBK
999 _c32017
_d32017